Jak chránit životní prostředí v Přerově : & ekomapa Přerova /

Hlavní autor: Kovaříková, Hana, 1975-
Další autoři: Mach, Václav
Jazyk: Čeština
Vydáno: Jeseník : Hnutí Brontosaurus Jeseníky, 2007
Vydání: 1. vyd.
Témata:
Externí odkaz: Digitalizovaný dokument
Fyzický popis: 40 s. ; 21 cm + 1 ekomapa (60 x 42 cm)
Knihy
Uloženo v:
LEADER 01416nam a2200385 a 4500
001 nkc20102031542
003 CZ PrNK
005 20100315114211.0
007 ta
008 100201s2007 xr e 000 0 cze
015 |a cnb002031542 
020 |q (Brož.) 
040 |a BOA001  |b cze 
043 |a e-xr---  |b e-xr-ol  |2 czenas 
072 7 |a 502  |x Životní prostředí a jeho ochrana  |2 Konspekt  |9 2 
080 |a 502.17  |2 MRF 
080 |a (437.325)  |2 MRF 
080 |a (041)  |2 MRF 
100 1 |a Kovaříková, Hana,  |d 1975-  |7 mzk2010378370  |4 aut 
245 1 0 |a Jak chránit životní prostředí v Přerově :  |b & ekomapa Přerova /  |c [text Hana Kovaříková, Václav Mach] 
250 |a 1. vyd. 
260 |a Jeseník :  |b Hnutí Brontosaurus Jeseníky,  |c 2007 
300 |a 40 s. ;  |c 21 cm +  |e 1 ekomapa (60 x 42 cm) 
500 |a Název z obálky 
500 |a V plastovém pouzdru 
650 0 7 |a ochrana životního prostředí  |7 ph115553  |z Česko  |2 czenas 
651 7 |a Přerov (Česko)  |7 ge130575  |2 czenas 
655 7 |a brožury  |7 fd131925  |2 czenas 
700 1 |a Mach, Václav  |7 mzk2010378372  |4 aut 
856 4 1 |u http://www.digitalniknihovna.cz/mzk/uuid/uuid:4f200150-7441-11e2-86a5-005056827e52  |y Digitalizovaný dokument  |x NDK 
910 2 |a BOA001  |b 2-1237.279 
990 |a BK 
995 |a 60 
991 |b 201003 
996 6 |b 2610411296  |c 2-1237.279  |l MZK  |r Sklad / do 1 hodiny  |n 0  |p p.v.  |w 001109007  |u 000010  |a 1  |e BOA001  |j MZK50  |s P